Fractions #1 - Statistiques

Statistiques générales
  • Ce quiz a été pris 83 fois
  • Le résultat moyen est 18 sur 20
Statistiques - réponses
Par images Réponse % Correct
20
100%
16
95%
5
93%
5
93%
6
92%
8
92%
100
91%
28
91%
3
91%
30
91%
4
91%
70
91%
8
89%
1
88%
3
86%
56
86%
8
86%
9
86%
8
84%
64
82%
Aucun quiz correspondant
Distribution des résultats
% des personnes avec chaque résultat
Percentile par nombre de réponses
Votre historique - résultats
Vous n’avez pas pris ce quiz